Come godo : [guida avventurosa al piacere femminile] /

Saved in:
Bibliografiske detaljer
Hovedforfatter: Lyona
Andre forfattere: Di Stefano-Abichain, Florencia (Translator)
Format: Bog
Sprog:italiensk
Udgivet: Milano : Vallardi, 2021
Fag:
Tags: Tilføj Tag
Ingen Tags, Vær først til at tagge denne postø!

MARC

LEADER 00000nam a22000007i 4500
001 IT\ICCU\UBO\4569414
003 ItRI
005 20260115232110.0
008 211104s2021 it |||||| ||||| |||||c
020 |a 9788855055321 
040 |b ita  |c importazione bologna sebina 
041 7 |a ita  |2 ISO-639-2 
082 |a 741.5946  |9 Disegno e disegni. Fumetti, romanzi a fumetti, fotoromanzi, vignette, caricature, strisce a fumetti. Spagna, Andorra, Gibilterra, Portogallo  |2 23 
100 0 |a Lyona  |0 IT\ICCU\VIAV\149170 
240 1 0 |a Sex! Oh!  |3 IT\ICCU\UBO\4569404  |9 Lyona 
245 1 0 |a Come godo :  |b [guida avventurosa al piacere femminile] /  |c Lyona ; traduzione di Florencia Di Stefano-Abichain. 
260 |a Milano :  |b Vallardi,  |c 2021 
300 |a 1 volume (senza paginazione) :  |b fumetti ;  |c 23 cm 
650 7 |a Donna  |x Sesso 
700 1 |a Di Stefano-Abichain, Florencia  |0 IT\ICCU\RAVV\694620  |4 trl 
942 |2 ddc  |c BK  |n 0 
952 |0 0  |1 0  |4 0  |6 F_741_594000000000000_LYO  |7 0  |9 20033  |a BO  |b BO  |d 2026-01-15  |i 19504  |l 0  |o F 741.594 LYO  |p BO19504  |r 2026-01-15 23:21:10  |w 2026-01-15  |x [Sebina 5] [1 v.]  |y BK  |z 1 v. 
999 |c 17078  |d 17078